[Event "Osijek op"]
[Site "Osijek"]
[Date "2013.02.22"]
[Round "3.14"]
[White "Solic, Miroslav"]
[Black "Turk, Karlo"]
[Result "0-1"]
[WhiteElo "1963"]
[BlackElo "2099"]
[PlyCount "80"]
[EventDate "2013.02.21"]
[EventType "swiss"]
[EventRounds "7"]
[EventCountry "CRO"]
[SourceTitle "EXT 2014"]
[Source "ChessBase"]
[SourceDate "2013.11.20"]
[SourceVersion "1"]
[SourceVersionDate "2013.11.20"]
[SourceQuality "1"]

1. c4 Nf6 2. g3 e6 3. Bg2 d5 4. cxd5 exd5 5. Nf3 Be7 6. 0-0 0-0 7. d3 c6 8. b3 a5 9. Bb2 Bg4 10. h3 Be6 11. Nbd2 Nbd7 12. Nd4 Nc5 13. N2f3 Bc8 14. Qd2 a4 15. b4 a3 16. bxc5 axb2 17. Qxb2 Bxc5 18. a4 Re8 19. e3 g6 20. Ra2 Nh5 21. g4 Ng7 22. Rfa1 h5 23. a5 Ra6 24. Nc2 Qe7 25. Rb1 Ra7 26. d4 Bd6 27. Qb6 Ra6 28. Qb3 Qd8 29. Rba1 hxg4 30. hxg4 Bc7 31. Nb4 Rxa5 32. Rxa5 Bxa5 33. Nd3 Ne6 34. Nde5 Kg7 35. Qd3 Bc7 36. Ra8 Qe7 37. Qb1 Rh8 38. Rxc8 Rxc8 39. Qxb7 Rb8 40. Nxc6 Bh2+ 0-1

[Event "Osijek op"]
[Site "Osijek"]
[Date "2013.02.21"]
[Round "1.5"]
[White "Solic, Miroslav"]
[Black "Mrkonjic, Nenad"]
[Result "0-1"]
[WhiteElo "1963"]
[BlackElo "2375"]
[PlyCount "120"]
[EventDate "2013.02.21"]
[EventType "swiss"]
[EventRounds "7"]
[EventCountry "CRO"]
[SourceTitle "EXT 2014"]
[Source "ChessBase"]
[SourceDate "2013.11.20"]
[SourceVersion "1"]
[SourceVersionDate "2013.11.20"]
[SourceQuality "1"]

1. c4 e5 2. g3 g6 3. Bg2 Bg7 4. Nc3 Ne7 5. e3 0-0 6. Nge2 c6 7. d4 d6 8. dxe5 dxe5 9. Qxd8 Rxd8 10. b3 Na6 11. Ba3 Bf8 12. 0-0 Nf5 13. Bxf8 Kxf8 14. Rad1 Be6 15. Be4 Nd6 16. Bb1 Nc5 17. e4 Bh3 18. Rfe1 Bg4 19. Kg2 Bxe2 20. Rxe2 Ne6 21. Red2 Ke7 22. Ne2 a5 23. Nc3 Nc5 24. Bc2 f6 25. f3 Nf7 26. Rxd8 Nxd8 27. Rd2 Nde6 28. Ne2 Na6 29. Kf2 a4 30. bxa4 Nac5 31. Nc3 Ra6 32. Bb3 Rb6 33. a5 Ra6 34. Ke3 Rxa5 35. Ne2 Ra3 36. Rb2 Na6 37. Kd3 Kd6 38. Kc3 Nac5 39. Rd2+ Kc7 40. h4 b6 41. Kb2 Ra8 42. Kc3 Nb7 43. g4 Nd6 44. Rd1 Rd8 45. Rd2 Rh8 46. Rd1 Nb7 47. Rg1 h6 48. Rg3 Nbc5 49. Rg1 Kd6 50. Rd1+ Ke7 51. Rg1 Rd8 52. Rd1 Ra8 53. Rc1 Rh8 54. Rg1 h5 55. gxh5 Rxh5 56. Rxg6 Rxh4 57. Rg3 Rh2 58. Bd1 Ng5 59. a3 Rf2 60. Nc1 Ncxe4+ 0-1

[Event "CRO-chT U20 15th"]
[Site "Sv Filip i Jakov"]
[Date "2006.04.23"]
[Round "9"]
[White "Horvat, David"]
[Black "Solic, Miroslav"]
[Result "1/2-1/2"]
[WhiteElo "1913"]
[BlackElo "2023"]
[PlyCount "21"]
[EventDate "2006.04.18"]
[EventType "team-tourn"]
[EventRounds "9"]
[EventCountry "CRO"]
[SourceTitle "CBM 111 Extra"]
[Source "ChessBase"]
[SourceDate "2006.05.09"]
[SourceVersion "1"]
[SourceVersionDate "2006.05.09"]
[SourceQuality "1"]

1. e4 Nf6 2. e5 Nd5 3. d4 d6 4. c4 Nb6 5. exd6 exd6 6. Be3 Be7 7. Nf3 Bg4 8. Nbd2 Nc6 9. Be2 Bf6 10. h3 Bf5 11. Rc1 1/2-1/2

[Event "CRO-chT U20 15th"]
[Site "Sv Filip i Jakov"]
[Date "2006.04.22"]
[Round "8"]
[White "Solic, Miroslav"]
[Black "Djuric, Dario"]
[Result "1/2-1/2"]
[WhiteElo "2023"]
[BlackElo "1906"]
[PlyCount "35"]
[EventDate "2006.04.18"]
[EventType "team-tourn"]
[EventRounds "9"]
[EventCountry "CRO"]
[SourceTitle "CBM 111 Extra"]
[Source "ChessBase"]
[SourceDate "2006.05.09"]
[SourceVersion "1"]
[SourceVersionDate "2006.05.09"]
[SourceQuality "1"]

1. Nf3 d5 2. g3 Nf6 3. Bg2 Bg4 4. d3 e6 5. Nbd2 Nc6 6. 0-0 Be7 7. h3 Bh5 8. Qe1 0-0 9. c3 Bg6 10. Nh4 e5 11. Nxg6 hxg6 12. Nb3 Re8 13. e4 d4 14. c4 Nb4 15. Qe2 c5 16. a3 Nc6 17. Bg5 b6 18. Bxf6 1/2-1/2

[Event "CRO-chT U20 15th"]
[Site "Sv Filip i Jakov"]
[Date "2006.04.21"]
[Round "7"]
[White "Sinkovic, Matija"]
[Black "Solic, Miroslav"]
[Result "1-0"]
[WhiteElo "1963"]
[BlackElo "2023"]
[PlyCount "83"]
[EventDate "2006.04.18"]
[EventType "team-tourn"]
[EventRounds "9"]
[EventCountry "CRO"]
[SourceTitle "CBM 111 Extra"]
[Source "ChessBase"]
[SourceDate "2006.05.09"]
[SourceVersion "1"]
[SourceVersionDate "2006.05.09"]
[SourceQuality "1"]

1. e4 Nf6 2. e5 Nd5 3. c4 Nb6 4. d4 d6 5. Nc3 Nc6 6. f4 Bf5 7. a3 dxe5 8. dxe5 Qxd1+ 9. Nxd1 Nd4 10. Ne3 Nb3 11. Nxf5 Nxa1 12. Nd4 0-0-0 13. Ngf3 c5 14. Nb5 Nc2+ 15. Kf2 a6 16. Nc3 Nd4 17. Ng5 Rd7 18. Nxf7 Rg8 19. Ng5 e6 20. Nxh7 Be7 21. Ne4 Rh8 22. Nhg5 Kb8 23. g3 Bxg5 24. Nxg5 Nc8 25. Be3 Re8 26. h4 b6 27. h5 Nf5 28. Bh3 Nxe3 29. Kxe3 Rde7 30. Bg4 Na7 31. h6 gxh6 32. Rxh6 Nc6 33. Rxe6 Rxe6 34. Nxe6 Rg8 35. Kf3 Nd4+ 36. Nxd4 cxd4 37. Bf5 Rd8 38. Bd3 Rg8 39. g4 Kc8 40. f5 Kd7 41. Kf4 Ke7 42. b4 1-0

[Event "CRO-chT U20 15th"]
[Site "Sv Filip i Jakov"]
[Date "2006.04.18"]
[Round "1"]
[White "Solic, Miroslav"]
[Black "Rukavina, Dario"]
[Result "0-1"]
[WhiteElo "2023"]
[BlackElo "2279"]
[PlyCount "69"]
[EventDate "2006.04.18"]
[EventType "team-tourn"]
[EventRounds "9"]
[EventCountry "CRO"]
[SourceTitle "CBM 111 Extra"]
[Source "ChessBase"]
[SourceDate "2006.05.09"]
[SourceVersion "1"]
[SourceVersionDate "2006.05.09"]
[SourceQuality "1"]

1. Nf3 Nf6 2. g3 b5 3. Bg2 Bb7 4. d3 e6 5. 0-0 Be7 6. Nbd2 d5 7. Re1 0-0 8. c3 c5 9. d4 Nbd7 10. Nf1 Ne4 11. N3d2 f5 12. f3 Nd6 13. e3 e5 14. dxc5 Nxc5 15. Nb3 Nd7 16. Qe2 a5 17. Nbd2 e4 18. f4 b4 19. cxb4 axb4 20. Nb3 Ba6 21. Qd1 Bd3 22. Nfd2 Qc7 23. Bf1 Bc2 24. Qe2 Bf6 25. Qf2 Ra7 26. Be2 Rfa8 27. a3 bxa3 28. Rxa3 Rxa3 29. bxa3 Qb6 30. Bd1 Bd3 31. Be2 Bc2 32. Bd1 Rc8 33. Bxc2 Rxc2 34. Re2 Nc4 35. Nf3 0-1

[Event "Bizovac Metalis op 11th"]
[Site "Bizovac"]
[Date "2004.02.26"]
[Round "2"]
[White "Solic, Miroslav"]
[Black "Bender, Ivan"]
[Result "0-1"]
[WhiteElo "2003"]
[BlackElo "2289"]
[PlyCount "46"]
[EventDate "2004.02.26"]
[EventType "swiss"]
[EventRounds "7"]
[EventCountry "CRO"]
[SourceTitle "CBM 098 Extra"]
[Source "ChessBase"]
[SourceDate "2004.03.10"]
[SourceVersion "2"]
[SourceVersionDate "2004.03.10"]
[SourceQuality "1"]

1. Nf3 d5 2. g3 c6 3. Bg2 Bg4 4. 0-0 Nd7 5. d3 e6 6. Nbd2 Bd6 7. h3 Bh5 8. e4 Rc8 9. Qe1 Ne7 10. c3 Bb8 11. Nh4 dxe4 12. dxe4 f6 13. g4 Bf7 14. Nb3 g5 15. Nf3 h5 16. gxh5 Bxh5 17. Nbd4 Kf7 18. Qd1 c5 19. Nc2 Qc7 20. Nce1 Ng6 21. Bxg5 fxg5 22. Nxg5+ Ke7 23. Nef3 Nh4 0-1